<?xml version="1.0" encoding="UTF-8"?>
<record
    xmlns:xsi="http://www.w3.org/2001/XMLSchema-instance"
    xsi:schemaLocation="http://www.loc.gov/MARC21/slim http://www.loc.gov/standards/marcxml/schema/MARC21slim.xsd"
    xmlns="http://www.loc.gov/MARC21/slim">

  <leader>01342nam a22002297a 4500</leader>
  <controlfield tag="005">20120324103915.0</controlfield>
  <controlfield tag="008">100209t        xxu||||| |||| 00| 0 hin d</controlfield>
  <datafield tag="020" ind1=" " ind2=" ">
    <subfield code="c">155.00</subfield>
  </datafield>
  <datafield tag="035" ind1=" " ind2=" ">
    <subfield code="a">B-180029</subfield>
  </datafield>
  <datafield tag="037" ind1=" " ind2=" ">
    <subfield code="a"> </subfield>
    <subfield code="b">&#x92A;&#x947;&#x928;&#x94D;&#x938;&#x940; &#x92C;&#x941;&#x915;&#x94D;&#x938; </subfield>
  </datafield>
  <datafield tag="040" ind1=" " ind2=" ">
    <subfield code="a">dpl</subfield>
    <subfield code="b">Hindi </subfield>
  </datafield>
  <datafield tag="082" ind1=" " ind2=" ">
    <subfield code="a">320</subfield>
  </datafield>
  <datafield tag="245" ind1=" " ind2=" ">
    <subfield code="a">&#x938;&#x93F;&#x935;&#x93F;&#x932; &#x938;&#x947;&#x935;&#x93E; &#x92E;&#x941;&#x916;&#x94D;&#x92F; &#x92A;&#x930;&#x940;&#x915;&#x94D;&#x937;&#x93E; &#x930;&#x93E;&#x91C;&#x928;&#x940;&#x924;&#x93F; &#x935;&#x93F;&#x91C;&#x94D;&#x91E;&#x93E;&#x928; &#x90F;&#x935;&#x902; &#x905;&#x902;&#x924;&#x930;&#x94D;&#x930;&#x93E;&#x937;&#x94D;&#x91F;&#x94D;&#x930;&#x940;&#x92F; &#x938;&#x902;&#x92C;&#x902;&#x927;&#x903;</subfield>
    <subfield code="c">&#x90F;&#x928;.&#x90F;&#x928;. &#x913;&#x91D;&#x93E; &#x926;&#x94D;&#x935;&#x93E;&#x930;&#x93E; &#x938;&#x902;&#x92A;&#x93E;&#x926;&#x93F;&#x924;</subfield>
    <subfield code="b"> </subfield>
  </datafield>
  <datafield tag="260" ind1=" " ind2=" ">
    <subfield code="a">&#x928;&#x94B;&#x90F;&#x921;&#x93E;</subfield>
    <subfield code="b">&#x915;&#x94D;&#x930;&#x93E;&#x928;&#x93F;&#x915;&#x932; &#x92C;&#x941;&#x915;&#x94D;&#x938;</subfield>
    <subfield code="c">2005</subfield>
  </datafield>
  <datafield tag="270" ind1=" " ind2=" ">
    <subfield code="a">&#x90F;-26, &#x938;&#x947;&#x915;&#x94D;&#x91F;&#x930;-2, </subfield>
    <subfield code="b">&#x928;&#x94B;&#x90F;&#x921;&#x93E;</subfield>
    <subfield code="e">201301</subfield>
  </datafield>
  <datafield tag="300" ind1=" " ind2=" ">
    <subfield code="a">193&#x92A;&#x943;.</subfield>
    <subfield code="c">23&#x938;&#x947;&#x92E;&#x940;.(&#x905;&#x91C;&#x93F;&#x932;&#x94D;&#x926;) </subfield>
  </datafield>
  <datafield tag="500" ind1=" " ind2=" ">
    <subfield code="a">&#x906;&#x908; &#x90F; &#x90F;&#x938; &#x90F;&#x935;&#x902; &#x938;&#x92D;&#x940; &#x930;&#x93E;&#x91C;&#x94D;&#x92F; &#x938;&#x947;&#x935;&#x93E; &#x92A;&#x930;&#x940;&#x915;&#x94D;&#x937;&#x93E;&#x913;&#x902; &#x915;&#x947; &#x932;&#x93F;&#x90F; &#x909;&#x92A;&#x92F;&#x94B;&#x917;&#x940;</subfield>
  </datafield>
  <datafield tag="700" ind1=" " ind2=" ">
    <subfield code="a">&#x913;&#x91D;&#x93E;, &#x90F;&#x928;.&#x90F;&#x928;.</subfield>
    <subfield code="9">44239</subfield>
  </datafield>
  <datafield tag="942" ind1=" " ind2=" ">
    <subfield code="2">ddc</subfield>
    <subfield code="c">HN</subfield>
    <subfield code="m">&#x938;&#x93F;&#x935;&#x93F;&#x932;</subfield>
    <subfield code="h">320</subfield>
  </datafield>
  <datafield tag="999" ind1=" " ind2=" ">
    <subfield code="c">64339</subfield>
    <subfield code="d">64339</subfield>
  </datafield>
  <datafield tag="952" ind1=" " ind2=" ">
    <subfield code="0">0</subfield>
    <subfield code="1">0</subfield>
    <subfield code="2">ddc</subfield>
    <subfield code="4">0</subfield>
    <subfield code="7">0</subfield>
    <subfield code="8">NFIC</subfield>
    <subfield code="a">ZLS</subfield>
    <subfield code="b">ZLS</subfield>
    <subfield code="d">2012-03-24</subfield>
    <subfield code="g">155.00</subfield>
    <subfield code="l">0</subfield>
    <subfield code="o">320 &#x938;&#x93F;&#x935;&#x93F;&#x932;</subfield>
    <subfield code="p">B-180029</subfield>
    <subfield code="r">2012-03-24 00:00:00</subfield>
    <subfield code="v">155.00</subfield>
    <subfield code="w">2012-03-24</subfield>
    <subfield code="y">HN</subfield>
  </datafield>
</record>
